| 000 | 00717nam a2200229 4500 | ||
|---|---|---|---|
| 003 | OSt | ||
| 005 | 20240719025428.0 | ||
| 006 | a | ||
| 008 | 240719b |||||||| |||| 00| 0 eng d | ||
| 020 | _a8123911920 | ||
| 040 |
_aDWCL-Main lib. _cOC |
||
| 082 |
_2First edition _aCirc. 729 S453i 2005 |
||
| 100 | _aSeetharaman, Premavathy | ||
| 245 | _aInterior design and decoration / | ||
| 250 | _aFirst edition | ||
| 260 |
_aNew Delhi: _bCBS Pub. & Distributors, _cc2005. |
||
| 300 |
_avi, _b336 p. : ill. (some col.) : _c25cm. |
||
| 504 | _aIncludes bibliographical references & index. | ||
| 650 | _a1. Interior Design. | ||
| 650 | _a2. Decorations and Ornaments. | ||
| 942 |
_2ddc _n0 _cBK-CIRC _eFirst edition _kCirc. |
||
| 999 |
_c2416 _d2416 |
||